00430nam a2200121Ia 4500008004100000245011900041260004500160260000900205300000800214500001100222650001300233856006200246170516s9999 xx 000 0 und d aPolyelectrolyte complex micelles by self-assembly of polypeptide-based triblock copolymer for doxorubicin delivery bAsian Journal of Pharmaceutical Sciences c2014 a9:4 aAugust xPharmacy uhttp://www.sciencedirect.com/science/journal/18180876/9/4